Social Research Methods : qualitative and quantitative approaches (Record no. 234)
[ view plain ]
| 000 -LEADER | |
|---|---|
| fixed length control field | 00373 a2200121 4500 |
| 020 ## - INTERNATIONAL STANDARD BOOK NUMBER | |
| International Standard Book Number | 9788131714645 |
| 082 ## - DEWEY DECIMAL CLASSIFICATION NUMBER | |
| Classification number | 301.01 NEU |
| 100 ## - MAIN ENTRY--PERSONAL NAME | |
| Personal name | Neuman, W. Lawrence |
| 245 ## - TITLE STATEMENT | |
| Title | Social Research Methods : qualitative and quantitative approaches |
| Statement of responsibility, etc. | W. Lawrence Neuman |
| 250 ## - EDITION STATEMENT | |
| Edition statement | 6th ed. |
| 260 ## - PUBLICATION, DISTRIBUTION, ETC. | |
| Place of publication, distribution, etc. | India : |
| Name of publisher, distributor, etc. | Pearson Education |
| Date of publication, distribution, etc. | 2008 |
| 300 ## - PHYSICAL DESCRIPTION | |
| Extent | viii, 592p. : |
| Other physical details | ill ., ; |
| Dimensions | 24 cm |
| 650 ## - SUBJECT ADDED ENTRY--TOPICAL TERM | |
| Topical term or geographic name entry element | Social Research |
| Withdrawn status | Lost status | Source of classification or shelving scheme | Damaged status | Not for loan | Permanent Location | Current Location | Date acquired | Total Checkouts | Total Renewals | Full call number | Barcode | Date last seen | Date last checked out | Price effective from | Koha item type | Shelving location |
|---|---|---|---|---|---|---|---|---|---|---|---|---|---|---|---|---|
| Central Library (CL) | Central Library (CL) | 10/14/2020 | 3 | 2 | 001.42 NEU | NIT-5769 | 04/25/2026 | 03/02/2026 | 01/05/2017 | Book | ||||||
| Central Library (CL) | Central Library (CL) | 09/29/2019 | 18 | 16 | 001.42 NEU | NIT-5772 | 05/29/2023 | 01/31/2023 | 01/05/2017 | Book | ||||||
| Central Library (CL) | Central Library (CL) | 10/14/2020 | 6 | 1 | 001.42 NEU | NIT-5773 | 01/08/2025 | 12/21/2023 | 01/05/2017 | Book | ||||||
| School of Civil and Environmental Engineering (SCEE) | School of Civil and Environmental Engineering (SCEE) | NIT-5771 | 01/05/2017 | 01/05/2017 | Book | |||||||||||
| School of Civil and Environmental Engineering (SCEE) | School of Civil and Environmental Engineering (SCEE) | 1 | NIT-5770 | 01/13/2020 | 09/24/2019 | 01/05/2017 | Book |
